000 00436nam a22001577a 4500
005 20230222151740.0
008 230222b ||||| |||| 00| 0 eng d
040 _cAL
082 _223
_a382/21a
_bTANQ
100 _aB N Tandon
_972912
245 _aQuestions and Answers on Auditing
260 _aNew Delhi
_bS Chand and Company Ltd
_c1976
300 _a520-664
_bPB
_c20.5x14.2 cm.
700 _aTANDON (B N)
_972913
942 _2ddc
_cBB
999 _c226794
_d226794